Funciones definidas por series de Dirichlet con exponentes complejos / (Record no. 114917)

MARC details
000 -LEADER
campo de control de longitud fija 00794nam a2200229 i 4500
001 - NÚMERO DE CONTROL
campo de control 114917
003 - IDENTIFICADOR DE NÚMERO DE CONTROL
campo de control ES-MaACL
005 - FECHA Y HORA DE LA ÚLTIMA TRANSACCIÓN
campo de control 20250903025949.0
007 - CAMPO FIJO DE DESCRIPCIÓN FÍSICA--INFORMACIÓN GENERAL
campo de control de longitud fija t|
008 - DATOS DE LONGITUD FIJA--INFORMACIÓN GENERAL
campo de control de longitud fija 070212s1946 sp ||||1| spa d
080 ## - NÚMERO DE LA CLASIFICACIÓN DECIMAL UNIVERSAL
Número de la Clasificación Decimal Universal 511.332
100 1# - ENTRADA PRINCIPAL--NOMBRE DE PERSONA
Nombre de persona Béjar Alamo, Juan.
9 (RLIN) 27086
245 10 - MENCIÓN DEL TÍTULO
Título Funciones definidas por series de Dirichlet con exponentes complejos /
Mención de responsabilidad, etc. Juan Béjar Alamo.
260 ## - PUBLICACIÓN, DISTRIBUCIÓN, ETC.
Lugar de publicación, distribución, etc. Madrid :
Nombre del editor, distribuidor, etc. Consejo Superior de Investigaciones Científicas,
Fecha de publicación, distribución, etc. 1946.
300 ## - DESCRIPCIÓN FÍSICA
Extensión 121 p. ;
Dimensiones 24 cm.
490 1# - MENCIÓN DE SERIE
Mención de serie Memorias de matemáticas del Instituto "Jorge Juan" ;
Designación de volumen o secuencia 2
650 14 - PUNTO DE ACCESO ADICIONAL DE MATERIA--TÉRMINO DE MATERIA
Término de materia o nombre geográfico como elemento de entrada Dirichlet, Series de.
9 (RLIN) 11930
830 00 - PUNTO DE ACCESO ADICIONAL DE SERIE-TÍTULO UNIFORME
Título uniforme Memorias de matemáticas del Instituto "Jorge Juan"
Designación de volumen o secuencia 2
9 (RLIN) 185834
852 ## - LOCALIZACIÓN
Ubicación ES-MaACL
Número de control de estantería E-4502
852 ## - LOCALIZACIÓN
Ubicación ES-MaACL
Número de control de estantería C-17687
Sublocalización o colección R.43719
Holdings
Estatus retirado Estado de pérdida Estado de daño No para préstamo Biblioteca de origen Biblioteca actual Ubicación en estantería Fecha de adquisición Fuente de adquisición Total de préstamos Signatura topográfica completa Código de barras Visto por última vez Precio de reemplazo Tipo de ítem Koha
        Biblioteca del Ateneo de Madrid Biblioteca del Ateneo de Madrid Galería 17/01/2008     C-17687 1119837 23/02/2023 23/02/2023 Libro impreso
        Biblioteca del Ateneo de Madrid Biblioteca del Ateneo de Madrid Depósito 2 17/01/2008     E-4502 1119836 23/02/2023 23/02/2023 Libro impreso